• 首页
  • 本馆介绍
  • 公告通知
  • 最新文献
  • 馆藏检索
  • 电子资源
  • 读者导购
  • 参考咨询
  • 我的图书馆
  • 登录
  • 详细信息显示
  • 放入我的书架
  • 预约/预借图书
  • 作者相关作品
  • 分类相关作品
  • 丛书相关作品
  • 出版社相关作品

书目信息

  • 表格格式
  • 工作单格式
  • 卡片格式
题名:
台湾旅游完全指南
    
 
作者: 陈雅萍 编
分册:  
出版信息: 北京   中国轻工业出版社  2011.7
页数: 300页
开本: 22cm
丛书名: 悠生活·旅游大玩家
单 册:
中图分类: K928.958
科图分类:
主题词:
电子资源:
ISBN: 978-7-5019-8067-3
000 00932oam2 2200277 45
001 516
005 20120604092546.54
010    @a978-7-5019-8067-3@dCNY39.80
100    @a20120328d2011 em y0chiy0110 ea
101 0  @achi
102    @aCN@b110000
105    @aa z 000yy
106    @ar
200 1  @a台湾旅游完全指南@ATai Wan Lu^ You Wan Quan Zhi Nan@dComplete guide to Taiwan@f陈雅萍编@FChen Ya Ping Bian@zeng
205    @a2版
210    @a北京@c中国轻工业出版社@d2011.7
215    @a300页@c彩照@d22cm
225 2  @a悠生活·旅游大玩家
330    @a本书对台湾旅游资源有多层次、多方位的介绍,除了精彩的景点,优美的自然风光外,还将台湾的历史遗迹和人文景观在书中一一呈现。
461  0 @12001 @a悠生活·旅游大玩家
510 1  @aComplete guide to Taiwan@zeng
607    @a台湾@x旅游指南
690    @aK928.958
701  0 @a陈雅萍@AChen Ya Ping@4编
801  0 @aCN@bTSTCL@c20120328
905    @b0812525-29@dK928.958@e576=2@f5
    
    台湾旅游完全指南=Complete guide to Taiwan/陈雅萍编.-2版.-北京:中国轻工业出版社,2011.7
    300页:彩照;22cm.-(悠生活·旅游大玩家)
    
    
    ISBN 978-7-5019-8067-3:CNY39.80
    本书对台湾旅游资源有多层次、多方位的介绍,除了精彩的景点,优美的自然风光外,还将台湾的历史遗迹和人文景观在书中一一呈现。
●
相关链接 在E读中查询图书 在五车中查询图书 在当当中查询图书 在豆瓣中查询图书


正题名:台湾旅游完全指南     索取号:K928.958/576=2         预约/预借

序号 登录号 条形码 馆藏地/架位号 状态 备注
1 0812525   208125250   第二样本阅览室/ [索取号:K928.958/576=2] 在馆    
2 0812526   208125269   第二借阅区/ [索取号:K928.958/576=2] 在馆    
3 0812527   208125278   第二借阅区/ [索取号:K928.958/576=2] 在馆    
4 0812528   208125287   第二借阅区/ [索取号:K928.958/576=2] 在馆    
5 0812529   208125296   第二借阅区/ [索取号:K928.958/576=2] 在馆    
唐山师范学院图书馆 欢迎您!
大连网信软件有限公司© 版权所有